000 00276nam a2200097Ia 4500
008 220204s9999 xx 000 0 und d
082 _a91(540)
_bIND.2
245 0 _aGazetter of India. V 2.History and culture
260 _aDelhi
_bMin Information &Broadcasting
_c1992
942 _cBK
999 _c40630
_d40630